A Web Application Tools Comprising Utilization of an Artificial Intelligence

V súčasnosti môže mnoho zdrojov údajov priniesť vlastníkom dodatočné informácie. Len málo čitateľov však dokáže tieto zdroje vyhodnotiť kvôli nedostatku vedomostí vo vedeckých oblastiach, ako je štatistika a matematika. Čiastočne vyriešenie problému a vytvorenie nástroja, ktorý implementuje kroky na...

Descrizione completa

Salvato in:
Dettagli Bibliografici
Autore principale: Sojka, Pavol, 1978-
Natura: Capitolo di libro
Lingua:inglese
Soggetti:
Tags: Aggiungi Tag
Nessun Tag, puoi essere il primo ad aggiungerne!!

MARC

LEADER 00000naa$a2200000$$$4500
001 0311329
005 20260313131734.4
041 0 |a eng 
044 |a HU 
245 1 0 |a A Web Application Tools Comprising Utilization of an Artificial Intelligence  |c Pavol Sojka 
520 |a V súčasnosti môže mnoho zdrojov údajov priniesť vlastníkom dodatočné informácie. Len málo čitateľov však dokáže tieto zdroje vyhodnotiť kvôli nedostatku vedomostí vo vedeckých oblastiach, ako je štatistika a matematika. Čiastočne vyriešenie problému a vytvorenie nástroja, ktorý implementuje kroky na uľahčenie tohto procesu. 
610 2 0 |a jazyky programovacie 
610 2 0 |a aplikácie mobilné 
610 2 0 |a internet 
610 2 0 |a inteligencia umelá 
610 2 0 |a dáta 
610 2 0 |a učenie strojové 
100 1 |a Sojka, Pavol, 1978-